00560cam a2200157 a 4500020003500000082002800035100002000063245009900083250001200182260007100194300003300265526003700298650003900335650000800374700002000382 a0632041420 (pbk. : alk. paper)00a624.068bFRYcL-40,p-341 aFryer, Barry G.14aThe practice of construction management /cBarry Fryer, with contributions from Marilyn Fryer. a2nd ed. aOxford ;aCambridge, Mass., USA :bBlackwell Science, Ltd.,c1997. aix, 294 p. :bill. ;c25 cm. a0b0c0d624_068000000000000_FRY 0aConstruction industryxManagement. 0aMCE1 aFryer, Marilyn.